| 000 | 01107nam a2200241 a 4500 | ||
|---|---|---|---|
| 001 | BRCA_8799 | ||
| 005 | 20190320210422.0 | ||
| 008 | 190417c--------sp-a######---#000-0#----# | ||
| 041 | _aspa | ||
| 044 | _asp | ||
| 084 |
_aBE180 _b.P58 1785 |
||
| 100 | 1 |
_aPluche, Noël Antoine _d1688-1761 _921346 |
|
| 245 | 1 | 0 |
_aEspectáculo de la naturaleza o conversaciones acerca de las particularidades de la historia natural, que han parecido más a propósito para excitar una curiosidad útil y formarles la razón a los jóvenes lectores _cescrito en el idioma francés por el abad M. Pluche; y traducido al castellano; tercera edición, tomo II, parte II. |
| 250 | _a3a ed. | ||
| 260 |
_aMadrid _bEn la Imprenta de Andrés de Sotos _c1785 |
||
| 300 |
_a[11], 244 p. (t.3) _bil., 22 h. plegables _c20.4 x 14.5 cm. |
||
| 500 | _aCon las licencias necesarias | ||
| 500 | _aEstado físico: presenta encuadernación en pergamino, con presencias del pez de plata | ||
| 650 | 1 | 4 |
_aCiencias naturales _yObras anteriores a 1800 _921347 |
| 700 | 1 |
_aSotos, Andrés de _eImpresor _921938 |
|
| 902 | _aCFM | ||
| 942 |
_2lcc _cB |
||
| 999 |
_c8450 _d8450 |
||